|
|
|
|
| LEADER |
01739nam a22002297a 4500 |
| 008 |
150507b xxu||||| |||| 00| 0 eng d |
| 082 |
|
|
|a 302.23 VIL
|
| 100 |
|
|
|a Vilanilam, J. V.
|
| 245 |
|
|
|a Mass communication basics :
|b a reader for students /
|c J. V. Vilanilam
|
| 250 |
|
|
|a 1st ed.
|
| 260 |
|
|
|a Kochi :
|b Kerala Press Academy,
|c 2014.
|
| 300 |
|
|
|a 380p.
|
| 650 |
|
|
|a Mass communication
|
| 942 |
|
|
|2 ddc
|c BK
|
| 999 |
|
|
|c 11173
|d 11173
|
| 952 |
|
|
|0 0
|1 0
|2 ddc
|4 0
|6 302_230000000000000_VIL
|7 0
|9 15765
|a MAIN
|b MAIN
|d 2015-05-07
|e Current Books, Calicut (D. C. Books)
|g 400.00
|l 7
|m 1
|o 302.23 VIL
|p 16325
|r 2019-10-03
|s 2019-08-31
|t 1
|w 2015-05-07
|y BK
|
| 952 |
|
|
|0 0
|1 0
|2 ddc
|4 0
|6 302_230000000000000_VIL
|7 0
|9 16394
|a MAIN
|b MAIN
|d 2015-07-03
|e Proffessional Book Centre
|g 400.00
|l 2
|o 302.23 VIL
|p 16865
|r 2016-03-31
|s 2016-03-22
|t 2
|w 2015-07-03
|y BK
|
| 952 |
|
|
|0 0
|1 0
|2 ddc
|4 0
|6 302_230000000000000_VIL
|7 0
|9 16395
|a MAIN
|b MAIN
|d 2015-07-03
|e Proffessional Book Centre
|g 400.00
|l 4
|o 302.23 VIL
|p 16866
|r 2019-10-31
|s 2019-10-04
|t 4
|w 2015-07-03
|y BK
|
| 952 |
|
|
|0 0
|1 0
|2 ddc
|4 0
|6 302_230000000000000_VIL
|7 0
|9 16396
|a MAIN
|b MAIN
|d 2015-07-03
|e Proffessional Book Centre
|g 400.00
|l 2
|m 1
|o 302.23 VIL
|p 16867
|r 2019-09-18
|s 2019-09-05
|t 3
|w 2015-07-03
|y BK
|
| 952 |
|
|
|0 0
|1 0
|2 ddc
|4 0
|6 302_230000000000000_VIL
|7 0
|9 16397
|a MAIN
|b MAIN
|d 2015-07-03
|e Proffessional Book Centre
|g 400.00
|l 3
|o 302.23 VIL
|p 16868
|r 2018-07-23
|s 2018-06-26
|t 5
|w 2015-07-03
|y BK
|
| 952 |
|
|
|0 0
|1 0
|2 ddc
|4 0
|6 302_230000000000000_VIL
|7 0
|9 16464
|a MAIN
|b MAIN
|d 2015-07-06
|e Professional Book Stall
|g 400.00
|l 8
|m 2
|o 302.23 VIL
|p 16794
|r 2020-08-17
|s 2020-02-27
|t 6
|w 2015-07-06
|y BK
|
| 952 |
|
|
|0 0
|1 0
|2 ddc
|4 0
|6 302_230000000000000_VIL
|7 0
|9 17768
|a MAIN
|b MAIN
|d 2015-10-05
|e Mathrubhumi Books
|g 400.00
|l 3
|o 302.23 VIL
|p 17611
|r 2018-03-14
|s 2018-02-08
|t 7
|w 2015-10-05
|y BK
|